| 000 | 004640000a22001810004500 | ||
|---|---|---|---|
| 003 | MACL | ||
| 005 | 20160110130513.0 | ||
| 008 | 160110b xxu||||| |||| 00| 0 eng d | ||
| 040 |
_aMACL _cMACL |
||
| 041 | _aEnglish | ||
| 082 | _a621.313/PUC | ||
| 100 |
_aPuchstein, A F _930872 |
||
| 245 | _aAlternating Current Machines | ||
| 260 |
_bAsia Publishing House _c1942 _aNew York |
||
| 350 | _a17 | ||
| 650 |
_aApplied Physics _96477 |
||
| 942 |
_cBK _k621.313/PUC _2ddc |
||
| 999 |
_c35295 _d35295 |
||